[Event "ESP-ch U12"]
[Site "Salobrena"]
[Date "2021.07.05"]
[Round "1"]
[White "Perez Bono, Marti"]
[Black "Sierra Vallina, Lionel"]
[Result "0-1"]
[WhiteElo "1255"]
[BlackElo "1927"]
[PlyCount "94"]
[EventDate "2021.07.05"]
[EventType "swiss"]
[EventRounds "9"]
[EventCountry "ESP"]
[SourceTitle "EXT 2022"]
[Source "ChessBase"]
[SourceDate "2021.10.06"]
[SourceVersion "1"]
[SourceVersionDate "2021.10.06"]
[SourceQuality "1"]

1. Nf3 c5 2. b3 Nc6 3. e3 Nf6 4. Bb2 e6 5. c4 d5 6. d4 Be7 7. Nbd2 0-0 8. Be2 b6 9. 0-0 Bb7 10. Rc1 Rc8 11. a3 Ne4 12. Re1 f5 13. Bd3 Bf6 14. Nf1 Qe7 15. cxd5 exd5 16. Qe2 Rfd8 17. N3d2 cxd4 18. exd4 Nxd4 19. Bxd4 Bxd4 20. Ne3 Bxe3 21. Qxe3 Qxa3 22. Ra1 Qc5 23. Qxc5 bxc5 24. Bxe4 fxe4 25. Rxa7 Rc7 26. h3 Rdd7 27. g4 Kf7 28. Kh2 Kf6 29. Kg3 g5 30. f4 exf3 31. Nxf3 Re7 32. Rd1 Re3 33. Rb1 d4 34. Rxb7 Rxb7 35. Kf2 Rbxb3 36. Rxb3 Rxb3 37. Ke2 Rxf3 38. Kxf3 Ke5 39. Ke2 c4 40. Kd2 Ke4 41. Kc2 d3+ 42. Kd2 Kd4 43. Ke1 c3 44. Kd1 d2 45. Kc2 Ke3 46. Kd1 Kd3 47. h4 c2# 0-1